[Event "Fagernes op"]
[Site "Fagernes"]
[Date "2020.10.07"]
[Round "5"]
[White "Ostensen, Nicolai Maxime"]
[Black "Evenshaug, Stale Jan"]
[Result "1-0"]
[WhiteElo "1671"]
[BlackElo "1293"]
[PlyCount "58"]
[EventDate "2020.10.04"]
[EventType "swiss"]
[EventRounds "9"]
[EventCountry "NOR"]
[SourceTitle "EXT 2024"]
[Source "ChessBase"]
[SourceDate "2023.10.10"]
[SourceVersion "1"]
[SourceVersionDate "2023.10.10"]
[SourceQuality "1"]

1. c4 e5 2. g3 Nf6 3. Nc3 d5 4. cxd5 Nxd5 5. Bg2 c6 6. Nf3 Bd6 7. 0-0 0-0 8. d4 Nxc3 9. bxc3 e4 10. Ng5 e3 11. Bxe3 Be7 12. Nf3 Qa5 13. Qd2 Bg4 14. h3 Bxf3 15. Bxf3 Nd7 16. Rfb1 Qf5 17. Bg4 Qd5 18. c4 Qd6 19. Bf4 Bg5 20. Bxg5 f6 21. Bf4 Ne5 22. dxe5 Qxd2 23. Bxd2 fxe5 24. Rxb7 Rfd8 25. Be6+ Kh8 26. Bc3 Rd6 27. Bg4 Rad8 28. Kg2 a6 29. Bxe5 R6d7 1-0

[Event "Fagernes op"]
[Site "Fagernes"]
[Date "2020.10.06"]
[Round "1"]
[White "Myagmarsuren, Evsuld"]
[Black "Evenshaug, Stale Jan"]
[Result "1-0"]
[WhiteElo "1678"]
[BlackElo "1293"]
[PlyCount "31"]
[EventDate "2020.10.04"]
[EventType "swiss"]
[EventRounds "9"]
[EventCountry "NOR"]
[SourceTitle "EXT 2024"]
[Source "ChessBase"]
[SourceDate "2023.10.10"]
[SourceVersion "1"]
[SourceVersionDate "2023.10.10"]
[SourceQuality "1"]

1. e4 c5 2. Nf3 Nc6 3. d4 cxd4 4. Nxd4 e5 5. Nb3 Nf6 6. Nc3 Bb4 7. Bc4 Bxc3+ 8. bxc3 d6 9. 0-0 Nxe4 10. Bxf7+ Kxf7 11. Qd5+ Be6 12. Qxe4 h6 13. f4 Ke8 14. fxe5 dxe5 15. Qg6+ Ke7 16. Ba3+ 1-0